Problematika životného prostredia v Rakúsku a ČSFR.
Ekologické zabezpečenie rozvoja energetiky v Rakúsku. Politické problémy životného prostredia. Podmienky pre rozvoj agroturistiky na Slovensku. Prednosti ČSFR v ekológii podľa štúdie Viedenského spolku pre globálnu ochranu životného prostredia. Jednota riadenia životného prostredia v Rakúsku a jedno...
Salvato in:
| Autore principale: | |
|---|---|
| Natura: | Capitolo di libro |
| Lingua: | slovacco |
| Soggetti: | |
| Tags: |
Nessun Tag, puoi essere il primo ad aggiungerne!!
|
MARC
| LEADER | 00000naa a2200000 4500 | ||
|---|---|---|---|
| 001 | r008651 | ||
| 005 | 20220831090055.1 | ||
| 041 | 0 | |a slo | |
| 044 | |a [CS] | ||
| 245 | 1 | 0 | |a Problematika životného prostredia v Rakúsku a ČSFR. |c J. Fidrmuc |
| 520 | |a Ekologické zabezpečenie rozvoja energetiky v Rakúsku. Politické problémy životného prostredia. Podmienky pre rozvoj agroturistiky na Slovensku. Prednosti ČSFR v ekológii podľa štúdie Viedenského spolku pre globálnu ochranu životného prostredia. Jednota riadenia životného prostredia v Rakúsku a jednota jeho fondov. Zdroje rakúskeho Ekofondu. | ||
| 610 | 2 | 0 | |a prostredie životné |
| 610 | 2 | 0 | |a ekológia |
| 610 | 2 | 0 | |a energetika |
| 610 | 2 | 0 | |a ČSFR |
| 610 | 2 | 0 | |a Rakúsko |
| 610 | 2 | 0 | |a ochrana prostredia životného |
| 610 | 2 | 0 | |a náklady |
| 610 | 2 | 0 | |a financovanie |
| 610 | 2 | 0 | |a agroturistika |
| 100 | 1 | |a Fidrmuc, J. | |